| 000 | 00681cam a2200265 4500 | ||
|---|---|---|---|
| 001 | J1987 | ||
| 008 | 090401t1994 xxu||||| |||| 00| 0 eng d | ||
| 035 | _a(Sirsi) u46634 | ||
| 041 | _aeng | ||
| 050 | _a314.1 | ||
| 110 |
_aR. Watson and Sons _91641 |
||
| 245 | _aWatsons statistics. - January - December 1994 | ||
| 260 |
_aReigate, Surrey _bR. Watson and Sons _c1994 |
||
| 300 | _a12 pt. ; 21cm. | ||
| 350 | _a0 | ||
| 520 | _aPublished monthly. | ||
| 650 | _aBANK BASE RATES | ||
| 650 | _aINFLATION | ||
| 650 | _aINVESTMENT | ||
| 650 | _aPENSIONS | ||
| 650 | _aALL ITEMS RETAIL PRICES INDEX | ||
| 690 | _aECONOMIC AND SOCIAL | ||
| 942 | _n0 | ||
| 948 | _c04/03/1997 | ||
| 999 |
_c91962 _d91962 |
||